|
|
|
|
| LEADER |
00924nam a2200253 a 4500 |
| 001 |
GR-Patra7914 |
| 008 |
991022s1992 enk 000 b eng d |
| 020 |
|
|
|a 0415090938
|
| 040 |
|
|
|a GrPaTEI
|b gre
|c GR-PaULI
|
| 245 |
0 |
0 |
|a Race and social work :
|b хa иguide to training.
|
| 260 |
|
|
|a London :
|b Routledge,
|c 1992
|
| 300 |
|
|
|a xiii,233σ.
|
| 650 |
|
0 |
|a SOCIAL WORK
|
| 650 |
|
4 |
|a ΚΟΙΝΟΤΗΤΑ
|
| 650 |
|
4 |
|a ΚΟΙΝΩΝΙΚΗ ΕΡΓΑΣΙΑ
|
| 650 |
|
4 |
|a ΚΟΙΝΩΝΙΚΗ ΕΡΓΑΣΙΑ
|
| 650 |
|
4 |
|a ΜΕΙΟΝΟΤΗΤΕΣ
|
| 650 |
|
4 |
|a Φυλετικές διακρίσεις
|
| 700 |
1 |
|
|a Coombe, Vivienne
|
| 700 |
1 |
|
|a Little, Alan
|
| 942 |
|
|
|2 ddc
|
| 952 |
|
|
|0 0
|1 0
|2 ddc
|4 0
|6 361_320000000000000_RAC
|7 0
|9 288984
|a LISK
|b LISK
|c BSC
|d 2021-01-17
|e 24
|f 0
|g 0.00
|l 0
|o 361.32 RAC
|p 92410011276
|r 2021-01-17 00:00:00
|t 1
|w 2021-01-17
|y BK15
|x 19991024 0 1
|x GrPaTEI
|
| 971 |
|
|
|a .b2655429x
|b 15-04-20
|c 23-09-16
|
| 999 |
|
|
|c 168625
|d 168625
|